LEADER 01230nam a2200265 i 4500 001 000000029267 003 CaOOAMICUS 005 20180830125448.0 008 180830s1794 fr u000 u und u 040 $aSeMil$bita 245 10$aOeuvres de Séneque le philosophe. Traduction de Lagrange, avec notes de critique, d'histoire et de littérature. Tome 1. [7.]. 260 $aA Tours :$bChez Letourmi le jeune,$cAn 3 de la République française [1794] 300 $a7 v. ;$c8°. 650 4$aSeneca, Lucio Anneo <4 a.C.-65 d.C.> - Opere.$0(OLS)http://semarc/subject/4173 700 1 $aSeneca, Lucius Anneus,$d<4 a.C.-65 d.C.>.$0(OLS)http://semarc/name/764 700 1 $aLetourmy,$c.$0(OLS)http://semarc/name/12666 774 0 $tTome 1.$g1$w()146842 774 0 $tTome 4.$g4$w()225734 774 0 $tTome 2.$g2$w()225735 774 0 $tTome 3.$g3$w()225736 774 0 $tTome 7.$g7$w()225737 774 0 $tTome 6.$g6$w()225738 774 0 $tTome 5.$g5$w()225739 996 $6245$aOeuvres de Séneque le philosophe. Traduction de Lagrange, avec notes de critique, d'histoire et de littérature. Tome 1. [7.]$9(OLS)http://semarc/title/39745 996 $6260$aA Tours :$bChez Letourmi le jeune$9(OLS)http://semarc/publisher/38040 LEADER 01053nam a2200265 i 4500 001 000000124873 003 CaOOAMICUS 005 20040407000000.0 008 040407s2004 it u000 u ita u 013 $a97570 020 $a88-215-5028-1 040 $aSeMil$bita 100 1 $aGonzález de Cardedal, Olegario,$c.$0(OLS)http://semarc/name/90379 245 10$aCristologia /$cOlegario González de Cardedal. 260 $aCinisello Balsamo :$bSan Paolo,$c2004. 300 $a589 p. ;$c24 cm. 490 0 $aL'abside : saggi di teologia ;$v35 500 $aContiene : Bibliografia generale. 830 2$aL'abside ;$v35.$0(OLS)http://semarc/title/648 850 $aSeMil 852 $aSeMil$W1$xVenegono$y1$m2M VII 35$j79388$B79388$CSeMilBibl$Z2$F81739 $81 961 $aAcquisto: Città Nuova (Agente) 996 $6020$a88-215-5028-1$9(OLS)http://semarc/number/110699 996 $6245$aCristologia$9(OLS)http://semarc/title/55592 996 $6260$aCinisello Balsamo :$bSan Paolo$9(OLS)http://semarc/publisher/30129